000 00347nam a2200133 i 4500
001 bg
100 1 _aJaśkiewicz, Wacław.
245 0 _aWstęp do ćwiczeń laboratoryjnych z materiałoznawstwa.
_nZ.4 /
_cW. Jaśkiewicz.
260 _aLublin,
_c1985.
040 _cBPK
041 _apol
942 _cKS
008 s pl f |000 0 pol
999 _c3614
_d3614
856 _uhttp://koha.tu.koszalin.pl/cgi-bin/koha/opac-detail.pl?biblionumber=3614
_yKatalog online BPK